Normal view
MARC view
- Group counseling.
Entry Topical Term
001 - CONTROL NUMBER
- control field: 4170
003 - CONTROL NUMBER IDENTIFIER
- control field: NUST
005 - DATE AND TIME OF LATEST TRANSACTION
- control field: 20170824132227.0
008 - FIXED-LENGTH DATA ELEMENTS
- fixed length control field: 170824|| aca||aabn | a|a d
040 ## - CATALOGING SOURCE
- Original cataloging agency: NUST
- Transcribing agency: NUST
150 ## - HEADING--TOPICAL TERM
- Topical term or geographic name entry element: Group counseling.
670 ## - SOURCE DATA FOUND
- Source citation: Work cat.: (NUST)0: Jacobs, Edward E., 1944- author. 4169, Group counseling :
